01290cam a22003255a 450000100090000000300090000900500170001800800410003502000250007604000990010108200200020010000490022024501020026925000190037126400460039030000450043633600260048133700280050733800270053549000360056250400520059865000420065065000290069265100100072165300230073165500240075494200120077899900170079095201570080717970955EG-ScBUE20220413113244.0131213s2014 enka f b 001 0 eng d a9780199677153 (pbk.) aNLGGCbengerdacNLGGCdOCLCOdYDXCPdERASAdUKMGBdBDXdBTCTAdCDXdOCLCQdMYGdDLCdEG-ScBUE04a401.43222bJAC1 aJacobson, Pauline I.,d1947-eauthor.93942110aCompositional semantics :ban introduction to the syntax/semantics interface /cPauline Jacobson. aFirst edition. 1aOxford :bOxford University Press,c2014. axx, 427 pages :billustrations ;c26 cm. 2rdacontentatextbtxt 2rdamediaaunmediatedbn 2rdacarrieravolumebnc0 aOxford textbooks in linguistics aIncludes bibliographical references and index.  7aCompositionality (Linguistics)2BUEsh 7aSemantics.2BUEsh937315 2BUEsh cFebruary2016bGGEN vReading book934232 2ddccBB c21220d21192 00102ddc40708Anglo-EgypaMAINbMAINc2NDd2016-02-23ePurchaseg390.00h13707l0o401.43 JACp000031681r2025-07-15 00:00:00v488.00w2016-02-23yBB